| 000 | 00397nam a2200157Ia 4500 | ||
|---|---|---|---|
| 005 | 20240530110157.0 | ||
| 008 | 140319s9999 xx 000 0 ara d | ||
| 040 |
_aGCL / _cGCL |
||
| 082 | 0 | 4 |
_aمم922.1 _bم ح |
| 100 | 1 | _aمحمود شلبى | |
| 245 | 1 | 0 |
_aحياة ابن عمر / _cمحمود شلبى |
| 260 | _c1992 | ||
| 300 | _a445 ص | ||
| 650 | 0 | 4 | _aالاسلام |
| 942 |
_2ddc _cREF |
||
| 999 |
_c59205 _d59205 |
||